Moshe Dayan : (Record no. 27754)

MARC details
000 -LEADER
campo de control de longitud fija 01111cam a2200349Ii 4500
001 - NÚMERO DE CONTROL
campo de control 86168
005 - FECHA Y HORA DE LA ÚLTIMA TRANSACCIÓN
campo de control 20230410103902.0
008 - DATOS DE LONGITUD FIJA--INFORMACIÓN GENERAL
campo de control de longitud fija 781109s1975 sp af 001 0bspa d
035 ## - NÚMERO DE CONTROL DEL SISTEMA
Número de control de sistema (OCoLC)ocm04358230
040 ## - FUENTE DE CATALOGACIÓN
Centro catalogador/agencia de origen GAP
Centro/agencia transcriptor GAP
Centro/agencia modificador OCL
-- OCLCQ
-- OCLCG
020 ## - NÚMERO INTERNACIONAL ESTÁNDAR DEL LIBRO
Número Internacional Estándar del Libro 8425304520
020 ## - NÚMERO INTERNACIONAL ESTÁNDAR DEL LIBRO
Número Internacional Estándar del Libro 9788425304521
035 ## - NÚMERO DE CONTROL DEL SISTEMA
Número de control de sistema (OCoLC)4358230
041 1# - CÓDIGO DE IDIOMA
Código de lengua del texto/banda sonora o título independiente spa
Código de lengua original heb
043 ## - CÓDIGO DE ÁREA GEOGRÁFICA
Código de área geográfica a-is---
082 00 - NÚMERO DE LA CLASIFICACIÓN DECIMAL DEWEY
Número de clasificación 956.94040924
049 ## - FONDOS LOCALES (OCLC)
Biblioteca depositaria GRAL
050 14 - SIGNATURA TOPOGRÁFICA DE LA BIBLIOTECA DEL CONGRESO
Número de clasificación 416 DS 126.6
Número de ítem D275T 1975
100 1# - ENTRADA PRINCIPAL--NOMBRE DE PERSONA
Nombre de persona Teveth, Shabtai,
Fechas asociadas al nombre 1925-
245 10 - MENCIÓN DEL TÍTULO
Título Moshe Dayan :
Resto del título el soldado, el hombre, la leyenda /
Mención de responsabilidad, etc. Shabtai Teveth; versión en castellano por Ramón Hernández Sol.
260 ## - PUBLICACIÓN, DISTRIBUCIÓN, ETC.
Lugar de publicación, distribución, etc. Barcelona :
Nombre del editor, distribuidor, etc. edic. Grijalbo,
Fecha de publicación, distribución, etc. 1975.
300 ## - DESCRIPCIÓN FÍSICA
Extensión 536 p.; [8] leaves of plates :
Otras características físicas ill. ;
Dimensiones 22 cm.
440 #0 - MENCIÓN DE SERIE/PUNTO DE ACCESO ADICIONAL--TÍTULO
Título Biografías Gandesa
500 ## - NOTA GENERAL
Nota general Traducido del idioma original: Moshe Dayan: the soldier, the man, the legend.
500 ## - NOTA GENERAL
Nota general Includes index.
600 10 - PUNTO DE ACCESO ADICIONAL DE MATERIA--NOMBRE DE PERSONA
Nombre de persona Dayan, Moshe,
Fechas asociadas al nombre 1915-1981.
650 #0 - PUNTO DE ACCESO ADICIONAL DE MATERIA--TÉRMINO DE MATERIA
Término de materia o nombre geográfico como elemento de entrada Statesmen
Subdivisión geográfica Israel
Subdivisión de forma Biography.
650 #4 - PUNTO DE ACCESO ADICIONAL DE MATERIA--TÉRMINO DE MATERIA
Término de materia o nombre geográfico como elemento de entrada CFB
650 #4 - PUNTO DE ACCESO ADICIONAL DE MATERIA--TÉRMINO DE MATERIA
Término de materia o nombre geográfico como elemento de entrada Colección Font Bernard
942 ## - ELEMENTOS DE ENTRADA SECUNDARIOS (KOHA)
Fuente del sistema de clasificación o colocación Clasificación de Library of Congress
Tipo de ítem Koha
994 ## -
-- C0
-- DRFGD
Holdings
Estatus retirado Estado de pérdida Fuente del sistema de clasificación o colocación Estado de daño No para préstamo Colección Biblioteca de origen Biblioteca actual Ubicación en estantería Fecha de adquisición Serial enumeration / chronology Signatura topográfica completa Código de barras Visto por última vez Copia número Tipo de ítem Koha
    Clasificación de Library of Congress     Recursos Regionales Biblioteca Juan Bosch Biblioteca Juan Bosch Recursos Regionales (2do. Piso) 10/04/2023 1 416 DS 126.6 D275T 1975 00000075705 23/10/2018 1